[Event "Astana WGP 2022"]
[Site "Astana KAZ"]
[Date "2022.09.22"]
[Round "5.1"]
[White "Kashlinskaya, Alina"]
[Black "Shuvalova, Polina"]
[Result "1-0"]
[WhiteTitle "IM"]
[BlackTitle "IM"]
[WhiteElo "2491"]
[BlackElo "2510"]
[WhiteFideId "4198026"]
[BlackFideId "24171760"]
[EventDate "2022.09.18"]

1. d4 Nf6 2. c4 e6 3. Nc3 Bb4 4. e3 O-O 5. Bd3 Re8 6. a3 Bxc3+ 7. bxc3 e5 8. Ne2
d6 9. f3 b6 10. e4 Ba6 11. O-O Nc6 12. Bg5 h6 13. Bh4 g5 14. Bf2 Nh5 15. c5 Bxd3
16. Qxd3 dxc5 17. Qb5 Qd7 18. d5 Nb8 19. Qb3 Qe7 20. a4 Nd7 21. Rfd1 Red8 22. a5
Ndf6 23. Ra2 Ne8 24. Rda1 Nd6 25. axb6 cxb6 26. Ra6 Qd7 27. c4 Rdb8 28. Nc3 Kh7
29. Na4 Nf4 30. Be3 Ng6 31. Qa2 Qc7 32. Nb2 Rb7 33. Nd3 f6 34. Qc2 Ne7 35. h3
Kg7 36. Bf2 Rc8 37. Qa2 Kf7 38. Bg3 Ng6 39. Nb2 Ra8 40. Nd3 Kg8 41. Qc2 Re8 42.
R1a4 Nf8 43. Qa2 Nc8 44. Qb3 Nd7 45. Ra1 Nb8 46. R6a2 a5 47. h4 Nd6 48. Nf2 Nd7
49. Qc3 Kg7 50. Ng4 Qd8 51. Rf1 Qe7 52. Raa1 Ra8 53. Rae1 b5 54. hxg5 hxg5 55.
f4 b4 56. Qa1 gxf4 57. Bxf4 Rh8 58. Re3 Rh5 59. Bh6+ Kh8 60. Qd1 Rb8 61. Rff3
Nxc4 62. Rb3 a4 63. Rh3 axb3 64. Rxh5 b2 65. Bc1+ Kg7 66. Nh6 bxc1=Q 67. Nf5+
Kf7 68. Qxc1 Nf8 69. Nxe7 b3 70. Qxc4 b2 71. d6+ Ke8 72. Qa4+ Kf7 73. Qa2+ 1-0

[Event "Astana WGP 2022"]
[Site "Astana KAZ"]
[Date "2022.09.22"]
[Round "5.2"]
[White "Assaubayeva, Bibisara"]
[Black "Lagno, Kateryna"]
[Result "1/2-1/2"]
[WhiteTitle "IM"]
[BlackTitle "GM"]
[WhiteElo "2443"]
[BlackElo "2547"]
[WhiteFideId "13708694"]
[BlackFideId "14109336"]
[EventDate "2022.09.18"]

1. d4 d5 2. c4 e6 3. Nc3 c5 4. cxd5 exd5 5. Nf3 Nf6 6. Bg5 Be6 7. dxc5 Bxc5 8.
e3 O-O 9. Be2 h6 10. Bh4 Nc6 11. O-O Be7 12. Nd4 Nxd4 13. Qxd4 Ne4 14. Nxe4 Bxh4
15. Nc5 Bf6 16. Nxe6 Qd6 17. Qc5 Qxe6 18. Bf3 b6 19. Qa3 a5 20. Rad1 Rad8 21.
Rfe1 Rd6 22. Bg4 Bxb2 23. Bxe6 Bxa3 24. Bxd5 Rc8 25. e4 Kf8 26. Re3 Bc5 27. Rf3
Rd7 28. Kf1 g6 29. Rc1 Kg7 30. Rfc3 Rdc7 1/2-1/2

[Event "Astana WGP 2022"]
[Site "Astana KAZ"]
[Date "2022.09.22"]
[Round "5.3"]
[White "Tan, Zhongyi"]
[Black "Goryachkina, Aleksandra"]
[Result "0-1"]
[WhiteTitle "GM"]
[BlackTitle "GM"]
[WhiteElo "2525"]
[BlackElo "2579"]
[WhiteFideId "8603642"]
[BlackFideId "4147103"]
[EventDate "2022.09.18"]

1. d4 d5 2. c4 c6 3. Nf3 Nf6 4. Nc3 dxc4 5. a4 e6 6. e3 c5 7. Bxc4 cxd4 8. exd4
Nc6 9. O-O Be7 10. Be3 O-O 11. Ne5 Qd6 12. Nb5 Qd8 13. Nc3 Qd6 14. Nxc6 Qxc6 15.
Qb3 Qd6 16. h3 Bd7 17. Rfd1 Qb4 18. d5 Qxb3 19. Bxb3 Bb4 20. Nb5 Bxb5 21. axb5
Nxd5 22. Bxd5 exd5 23. Rxd5 a6 24. b6 Rfd8 25. Rad1 Be7 26. Rd7 Kf8 27. R1d4
Rab8 28. Rc7 Rxd4 29. Bxd4 Bd8 30. Rc2 f6 31. g4 Ke8 32. Kg2 Kd7 33. Kf3 a5 34.
Ke4 Ra8 35. Be3 Ra6 36. Rd2+ Ke8 37. Rd6 a4 38. f4 a3 39. bxa3 Rxa3 40. f5 Rb3
41. h4 Be7 42. Re6 Kd7 43. Bd4 Rg3 44. g5 Rg4+ 45. Kd3 fxg5 46. h5 Bf8 47. Re2
Rf4 48. Re5 Bd6 49. Ra5 g4 50. Be3 Rf1 51. Ke2 Rh1 52. Ra4 Rxh5 53. Rxg4 Be5 54.
Kd3 Rxf5 55. Ra4 Bd6 56. Bd4 g6 57. Ke4 Bc5 58. Be5 Bxb6 59. Rb4 Kc6 60. Rc4+
Bc5 0-1

[Event "Astana WGP 2022"]
[Site "Astana KAZ"]
[Date "2022.09.22"]
[Round "5.4"]
[White "Wagner, Dinara"]
[Black "Vaishali, R"]
[Result "1/2-1/2"]
[WhiteTitle "WGM"]
[BlackTitle "IM"]
[WhiteElo "2358"]
[BlackElo "2449"]
[WhiteFideId "24157570"]
[BlackFideId "5091756"]
[EventDate "2022.09.18"]

1. d4 Nf6 2. c4 e6 3. Nf3 d5 4. g3 dxc4 5. Bg2 c6 6. a4 Bb4+ 7. Bd2 a5 8. Qc2
O-O 9. Bxb4 axb4 10. Qxc4 Qa5 11. Qc2 Nbd7 12. Nbd2 e5 13. Nc4 b3+ 14. Qd2 Qxd2+
15. Ncxd2 e4 16. Ng5 e3 17. fxe3 Nb6 18. a5 Re8 19. e4 h6 20. Ngf3 Nxe4 21. O-O
Nxd2 22. Nxd2 Nd5 23. Bxd5 cxd5 24. Rfe1 b6 25. axb6 Rb8 26. Ra3 Rxb6 27. Rxb3
Rc6 28. Rc3 Rb6 29. Rb3 Rc6 30. Rc3 Rb6 31. b3 Bh3 32. Kf2 Rf6+ 33. Rf3 Rfe6 34.
Rc3 Rf6+ 35. Nf3 g5 36. Kg1 Re4 37. Rd3 Kg7 38. Nd2 Re7 39. Nf3 Rfe6 40. Kf2 Rf6
41. Kg1 Ra6 42. Ne5 f6 43. Nf3 Bf5 44. Rd2 Be4 45. Rc1 Rb7 46. Rb2 Rb4 47. Kf2
Rab6 48. Rc3 Bxf3 49. exf3 Rxd4 50. Rc5 h5 51. Ke3 Rdb4 52. Rxd5 1/2-1/2

[Event "Astana WGP 2022"]
[Site "Astana KAZ"]
[Date "2022.09.22"]
[Round "5.5"]
[White "Paehtz, Elisabeth"]
[Black "Kosteniuk, Alexandra"]
[Result "0-1"]
[WhiteTitle "IM"]
[BlackTitle "GM"]
[WhiteElo "2477"]
[BlackElo "2521"]
[WhiteFideId "4641833"]
[BlackFideId "4128125"]
[EventDate "2022.09.18"]

1. e4 e5 2. Nf3 Nc6 3. Bb5 a6 4. Ba4 Nf6 5. O-O Be7 6. d3 b5 7. Bb3 d6 8. Bd2
O-O 9. h3 Bb7 10. Re1 Nb8 11. c4 bxc4 12. Bxc4 Nbd7 13. Nc3 Nb6 14. Bb3 c5 15.
Be3 Ne8 16. Nd2 Kh8 17. f4 exf4 18. Bxf4 Nc7 19. Nc4 Ne6 20. Be3 Nxc4 21. Bxc4
Bf6 22. Rf1 Rb8 23. Qd2 Be5 24. Rac1 Qd7 25. Kh1 Nd4 26. Bd5 f5 27. b3 fxe4 28.
dxe4 Bxd5 29. Nxd5 Qb5 30. Rf2 Rxf2 31. Qxf2 Ne2 32. Rc4 Qxc4 0-1

[Event "Astana WGP 2022"]
[Site "Astana KAZ"]
[Date "2022.09.22"]
[Round "5.6"]
[White "Zhu, Jiner"]
[Black "Abdumalik, Zhansaya"]
[Result "1-0"]
[WhiteTitle "WGM"]
[BlackTitle "GM"]
[WhiteElo "2464"]
[BlackElo "2503"]
[WhiteFideId "8608059"]
[BlackFideId "13703544"]
[EventDate "2022.09.18"]

1. e4 c5 2. Nf3 Nc6 3. d4 cxd4 4. Nxd4 Nf6 5. Nc3 e5 6. Ndb5 d6 7. Nd5 Nxd5 8.
exd5 Nb8 9. a4 a6 10. Na3 Be7 11. Be2 O-O 12. O-O f5 13. b4 f4 14. Nc4 Bf5 15.
f3 Nd7 16. Bd3 Rc8 17. a5 Qe8 18. Bxf5 Rxf5 19. Qd3 Rh5 20. Bd2 Rh6 21. Be1 Qh5
22. h3 Rg6 23. Nd2 Rf8 24. Kh2 Bh4 25. Ne4 Nf6 26. Nxd6 Qg5 27. Rg1 Bg3+ 28. Kh1
Rd8 29. Ne4 Qh4 30. c4 Nh5 31. c5 Bxe1 32. Raxe1 Ng3+ 33. Nxg3 Rxg3 34. Re2 Re8
35. d6 e4 36. d7 1-0

[Event "Astana WGP 2022"]
[Site "Astana KAZ"]
[Date "2022.09.23"]
[Round "6.1"]
[White "Shuvalova, Polina"]
[Black "Abdumalik, Zhansaya"]
[Result "0-1"]
[WhiteTitle "IM"]
[BlackTitle "GM"]
[WhiteElo "2510"]
[BlackElo "2503"]
[WhiteFideId "24171760"]
[BlackFideId "13703544"]
[EventDate "2022.09.18"]

1. e4 c5 2. Nf3 Nc6 3. Bb5 e5 4. O-O Bd6 5. c3 a6 6. Ba4 b5 7. Bc2 Nge7 8. h3
Bb7 9. d4 cxd4 10. cxd4 Nxd4 11. Nxd4 exd4 12. Qxd4 Qc7 13. Bb3 Bh2+ 14. Kh1 Be5
15. Qd3 O-O 16. f4 Bf6 17. e5 Qc6 18. Rg1 Bh4 19. Be3 Rac8 20. Nd2 Qg6 21. Qxd7
Bc6 22. Qg4 Nf5 23. Nf3 Bg3 24. Bd2 Rcd8 25. Bb4 Rfe8 26. Ng5 h5 27. Bxf7+ Qxf7
28. Nxf7 hxg4 29. Nxd8 Rxd8 30. hxg4 Nd4 31. Rgd1 Kf7 32. e6+ Kxe6 33. f5+ Kf7
34. Kg1 Be5 35. Kf2 g6 36. Bc3 gxf5 37. gxf5 b4 38. Bxb4 Rg8 39. Bc3 Bg3+ 40.
Kg1 Ne2+ 41. Kf1 Nxc3 42. bxc3 Rg5 43. Ke2 Be5 44. a4 Rxg2+ 45. Kd3 Rg4 46. Re1
Kf6 47. Rg1 Bg2 48. Rge1 Kxf5 49. Re3 Bf6 50. Re2 Be4+ 51. Ke3 Rg3+ 52. Kf2 Bh4
53. Rea2 Rh3+ 54. Kf1 Kf4 55. c4 Bf6 56. Rf2+ Bf3 0-1

[Event "Astana WGP 2022"]
[Site "Astana KAZ"]
[Date "2022.09.23"]
[Round "6.2"]
[White "Kosteniuk, Alexandra"]
[Black "Zhu, Jiner"]
[Result "1/2-1/2"]
[WhiteTitle "GM"]
[BlackTitle "WGM"]
[WhiteElo "2521"]
[BlackElo "2464"]
[WhiteFideId "4128125"]
[BlackFideId "8608059"]
[EventDate "2022.09.18"]

1. e4 c5 2. Nf3 d6 3. d4 cxd4 4. Nxd4 Nf6 5. Nc3 a6 6. Be2 e5 7. Nb3 Be7 8. Be3
Be6 9. O-O O-O 10. Bf3 Nbd7 11. a4 Qc7 12. a5 Rfc8 13. Re1 h6 14. h3 Rab8 15.
Nd2 Ra8 16. Nf1 b5 17. axb6 Nxb6 18. Ng3 Qb7 19. Bc1 Bf8 20. Re3 a5 21. Na4 Nxa4
22. Rxa4 Qc6 23. c3 Nd7 24. Bg4 Bxg4 25. hxg4 Rd8 26. Ra2 Nf6 27. b3 d5 28. Rd3
Rd7 29. exd5 Rxd5 30. g5 Rad8 31. Rad2 hxg5 32. Rxd5 Rxd5 33. c4 Rxd2 34. Bxd2
Bc5 35. Bxg5 Qb6 36. Bxf6 Bxf2+ 37. Kf1 Bxg3 38. Qd8+ Qxd8 39. Bxd8 Kf8 40. Bxa5
Ke7 41. b4 Kd6 42. Bb6 e4 43. b5 f5 44. Ba7 f4 45. c5+ Kd5 46. c6 f3 47. Bb6 Kc4
48. Bf2 Kxb5 1/2-1/2

[Event "Astana WGP 2022"]
[Site "Astana KAZ"]
[Date "2022.09.23"]
[Round "6.3"]
[White "Vaishali, R"]
[Black "Paehtz, Elisabeth"]
[Result "1-0"]
[WhiteTitle "IM"]
[BlackTitle "IM"]
[WhiteElo "2449"]
[BlackElo "2477"]
[WhiteFideId "5091756"]
[BlackFideId "4641833"]
[EventDate "2022.09.18"]

1. e4 c5 2. Nf3 e6 3. d4 cxd4 4. Nxd4 Nf6 5. Nc3 Nc6 6. Nxc6 bxc6 7. e5 Nd5 8.
Ne4 Qc7 9. f4 Qb6 10. c4 Bb4+ 11. Ke2 f5 12. exf6 Nxf6 13. Be3 Qd8 14. Nd6+ Bxd6
15. Qxd6 Bb7 16. Rd1 Rc8 17. g4 c5 18. Rg1 Rf8 19. Bg2 Bxg2 20. Rxg2 Qc7 21.
Qxc7 Rxc7 22. Kf3 Ke7 23. Re2 h5 24. h3 Rh8 25. Bf2 hxg4+ 26. hxg4 g6 27. Re5
Rh2 28. Rd2 Kf7 29. Kg3 Rh1 30. g5 Nh5+ 31. Kg2 Rc1 32. Rxc5 Rxc5 33. Bxc5 Rxc4
34. Bd6 a6 35. Kf3 Ng7 36. Be5 d5 37. b3 Rc6 38. Bxg7 Kxg7 39. Ke3 Kf7 40. Rh2
Ke7 41. Kd4 Rc1 42. Rh7+ Kd6 43. Ra7 Rc6 44. Rg7 Rc1 45. Rxg6 Rf1 46. Rf6 Ke7
47. f5 Rd1+ 48. Kc5 exf5 49. Rxf5 Ke6 50. Rf6+ Ke5 51. Rxa6 Rc1+ 52. Kb4 d4 53.
g6 Rc7 54. Ra8 Ke4 55. Rg8 d3 56. g7 Re7 57. Kc3 Ke3 58. Rc8 d2 59. g8=Q d1=Q
60. Qg5+ Kf2 61. Rf8+ 1-0

[Event "Astana WGP 2022"]
[Site "Astana KAZ"]
[Date "2022.09.23"]
[Round "6.4"]
[White "Goryachkina, Aleksandra"]
[Black "Wagner, Dinara"]
[Result "1/2-1/2"]
[WhiteTitle "GM"]
[BlackTitle "WGM"]
[WhiteElo "2579"]
[BlackElo "2358"]
[WhiteFideId "4147103"]
[BlackFideId "24157570"]
[EventDate "2022.09.18"]

1. d4 Nf6 2. c4 e6 3. Nc3 Bb4 4. Qc2 d5 5. a3 Bxc3+ 6. Qxc3 O-O 7. Bg5 h6 8.
Bxf6 Qxf6 9. Nf3 dxc4 10. Qxc4 Nc6 11. Qc3 Re8 12. Ne5 Nxe5 13. dxe5 Qe7 14. g3
c5 15. Bg2 Rb8 16. O-O b6 17. Rfd1 Ba6 18. Bf3 Red8 19. Qc2 Bb7 20. Bxb7 Rxb7
21. b4 cxb4 22. axb4 Rbd7 23. Rxd7 Qxd7 24. Qe4 Qd4 25. Qxd4 Rxd4 26. Rxa7 Rxb4
27. Kf1 Rb1+ 28. Kg2 h5 29. Rb7 b5 30. h4 b4 31. Kf3 b3 32. Kf4 g6 33. Ke3 b2
34. Kf3 Kg7 35. e3 Kf8 36. Kf4 Kg8 37. Kg5 Kg7 38. Rb8 Rc1 39. Rxb2 Rc4 40. f3
Rc5 41. Kf4 Rc4+ 42. e4 Rc5 43. Rg2 Kh6 44. g4 hxg4 45. fxg4 Ra5 46. Rf2 Kg7 47.
h5 gxh5 48. gxh5 Kh6 49. Ke3 Rxe5 50. Rxf7 Rxh5 51. Rf6+ Kg7 52. Rxe6 Kf7 53.
Ra6 Ke7 54. Kd4 Rg5 55. Ra7+ 1/2-1/2

[Event "Astana WGP 2022"]
[Site "Astana KAZ"]
[Date "2022.09.23"]
[Round "6.5"]
[White "Lagno, Kateryna"]
[Black "Tan, Zhongyi"]
[Result "1-0"]
[WhiteTitle "GM"]
[BlackTitle "GM"]
[WhiteElo "2547"]
[BlackElo "2525"]
[WhiteFideId "14109336"]
[BlackFideId "8603642"]
[EventDate "2022.09.18"]

1. e4 c5 2. Nf3 d6 3. d4 cxd4 4. Nxd4 Nf6 5. Nc3 a6 6. Be2 e6 7. Be3 Be7 8. g4
d5 9. e5 Nfd7 10. f4 Nc6 11. Qd2 Bh4+ 12. Kf1 Be7 13. Kg2 Qc7 14. Bf3 Nxd4 15.
Bxd4 b5 16. Ne2 Bb7 17. c3 O-O 18. Qe3 Rfe8 19. g5 a5 20. h4 b4 21. Rac1 Qc4 22.
cxb4 Qxb4 23. Rc7 Nf8 24. a3 Qb5 25. Nc3 Qb3 26. Bd1 Qxb2+ 27. Ne2 Qb5 28. Nc3
Qb2+ 29. Kg3 Bd8 30. Rc5 Qxa3 31. Ba4 Bb6 32. Rb1 Bxc5 33. Bxc5 d4 34. Bxa3 dxe3
35. Bxe8 Rxe8 36. Rxb7 Rc8 37. Ne2 h6 38. gxh6 gxh6 39. h5 1-0

[Event "Astana WGP 2022"]
[Site "Astana KAZ"]
[Date "2022.09.23"]
[Round "6.6"]
[White "Kashlinskaya, Alina"]
[Black "Assaubayeva, Bibisara"]
[Result "1-0"]
[WhiteTitle "IM"]
[BlackTitle "IM"]
[WhiteElo "2491"]
[BlackElo "2443"]
[WhiteFideId "4198026"]
[BlackFideId "13708694"]
[EventDate "2022.09.18"]

1. e4 c5 2. Nc3 a6 3. Nge2 d6 4. g3 g6 5. Bg2 Bg7 6. d4 cxd4 7. Nxd4 Nf6 8. O-O
O-O 9. h3 Nc6 10. Be3 Rb8 11. Re1 e5 12. Nb3 Be6 13. Qd2 Qc7 14. Rad1 Rfd8 15.
Bg5 Ne7 16. Re3 Ne8 17. Bxe7 Qxe7 18. Nd5 Qf8 19. Rd3 f5 20. Na5 Qf7 21. Kh2
Rbc8 22. Nb6 Rc7 23. exf5 gxf5 24. Bd5 e4 25. Rb3 Nf6 26. Bxe6 Qxe6 27. c4 Bh6
28. Qd4 Bg7 29. Kg2 Rf7 30. Qd2 f4 31. Qxf4 d5 32. Qe3 Kh8 33. cxd5 Nxd5 34.
Nxd5 Rxd5 35. Rb6 Qxb6 36. Rxd5 Qxe3 37. Rd8+ Bf8 38. fxe3 Kg7 39. Re8 Rc7 40.
Rxe4 Rc2+ 41. Kf3 Rxb2 42. a4 b5 43. Nc6 b4 44. Nd4 Kf7 45. Re6 Rb1 46. Rxa6 b3
47. Rb6 b2 48. Ke4 Bc5 49. Rb7+ Kf6 50. Nc2 h5 51. a5 Bd6 52. Rb6 Ke7 53. g4
hxg4 54. hxg4 Bc5 55. Rb7+ Kd6 56. g5 Kc6 57. a6 Rg1 58. Rxb2 Rxg5 59. Nd4+ Bxd4
60. exd4 Ra5 61. Rh2 Kd6 62. a7 Kc6 63. Rh7 Ra1 64. d5+ Kc5 65. Ke5 Re1+ 66. Kf5
Rf1+ 67. Ke6 Re1+ 68. Kd7 Ra1 69. Kc8 1-0

[Event "Astana WGP 2022"]
[Site "Astana KAZ"]
[Date "2022.09.25"]
[Round "7.1"]
[White "Assaubayeva, Bibisara"]
[Black "Shuvalova, Polina"]
[Result "1/2-1/2"]
[WhiteTitle "IM"]
[BlackTitle "IM"]
[WhiteElo "2443"]
[BlackElo "2510"]
[WhiteFideId "13708694"]
[BlackFideId "24171760"]
[EventDate "2022.09.18"]

1. d4 Nf6 2. c4 e6 3. Nf3 d5 4. Nc3 Be7 5. Bf4 O-O 6. e3 Nbd7 7. c5 Nh5 8. Bd3
Nxf4 9. exf4 b6 10. b4 c6 11. O-O a5 12. a3 Ba6 13. Re1 Bf6 14. Bxa6 Rxa6 15.
Qd3 Qa8 16. b5 cxb5 17. c6 Qxc6 18. Nxb5 Rc8 19. a4 Raa8 20. Qa3 Nf8 21. Ne5 Qe8
22. Qf3 Be7 23. f5 Bb4 24. Re2 Qe7 25. fxe6 fxe6 26. g3 Qf6 27. Qe3 Qf5 28. h4
Rab8 29. g4 Qf6 30. h5 Qe7 31. h6 gxh6 32. Qxh6 Qg7 33. Qe3 Ng6 34. Nxg6 Qxg6
35. Qxe6+ Qxe6 36. Rxe6 Rc2 37. f4 Rbc8 38. Rf1 R8c6 39. f5 Rxe6 40. fxe6 Rc6
41. Rf5 Rxe6 42. Rxd5 Re2 43. Rd7 Ra2 44. Nc7 Rxa4 45. Nd5 Kf8 46. Rxh7 Ba3 47.
Nxb6 Rxd4 48. Kf1 Be7 49. Rh8+ Kf7 50. Rh7+ Kf8 51. Rh8+ Kg7 52. Rc8 Bd8 53. Na4
Kf7 54. Ke2 Bf6 55. Nb6 Bd8 56. Na4 Ke7 57. Nc3 Kd7 58. Ra8 Kc6 59. Rc8+ Kb7 60.
Rc5 Rxg4 61. Kd3 a4 62. Nxa4 Rxa4 63. Rb5+ Kc6 64. Rf5 Bb6 65. Kc3 Bc5 66. Kd3
Rd4+ 67. Ke2 Kd6 68. Rh5 Rf4 69. Kd3 Bd4 70. Ra5 Rh4 71. Rb5 Bc5 72. Rb3 Kd5 73.
Rc3 Bb4 74. Rb3 Rg4 75. Ke2 Bc5 76. Kd3 Re4 77. Rc3 Rd4+ 78. Ke2 Rh4 79. Kd3 Bb4
80. Rb3 Bc5 81. Rc3 Bd4 82. Rb3 Kc5 83. Rb1 Rh3+ 84. Ke4 Re3+ 85. Kf4 Re8 86.
Rh1 Kd5 87. Rh5+ Be5+ 88. Kf3 Rf8+ 89. Ke3 Ra8 90. Rh4 Ra3+ 91. Ke2 Rb3 92. Rg4
Ra3 93. Rh4 Bg3 94. Rb4 Bd6 95. Rh4 Ke5 96. Rg4 Be7 97. Rc4 Bd6 98. Rg4 Kf5 99.
Rd4 Bf4 100. Rb4 Be3 101. Rb8 Bd4 102. Re8 Be5 103. Rc8 Ke4 104. Rc4+ Bd4 105.
Rc2 Rh3 106. Rd2 Rh2+ 107. Kd1 Rh1+ 108. Ke2 Rh3 109. Kd1 Bc3 110. Rd8 Bd4 111.
Kc2 Rc3+ 112. Kd2 Rb3 113. Re8+ Be5 1/2-1/2

[Event "Astana WGP 2022"]
[Site "Astana KAZ"]
[Date "2022.09.25"]
[Round "7.2"]
[White "Tan, Zhongyi"]
[Black "Kashlinskaya, Alina"]
[Result "1-0"]
[WhiteTitle "GM"]
[BlackTitle "IM"]
[WhiteElo "2525"]
[BlackElo "2491"]
[WhiteFideId "8603642"]
[BlackFideId "4198026"]
[EventDate "2022.09.18"]

1. d4 Nf6 2. c4 e6 3. Nf3 d5 4. Nc3 c5 5. e3 Nc6 6. a3 dxc4 7. Bxc4 a6 8. O-O b5
9. Ba2 Bb7 10. Qe2 cxd4 11. Rd1 b4 12. axb4 Nxb4 13. Rxd4 Qa5 14. Nd2 Nxa2 15.
Rxa2 Qg5 16. e4 Be7 17. Nb3 Qe5 18. g3 Qc7 19. Rc4 Qd7 20. Bf4 Rc8 21. Rd4 Qc6
22. Na5 Qb6 23. Rc4 Rxc4 24. Qxc4 Ng4 25. Qa4+ Kf8 26. Nd1 Ba8 27. Ne3 Nxe3 28.
Bxe3 Qb4 29. Qxb4 Bxb4 30. Nc4 Bxe4 31. Rxa6 Ke7 32. Ra7+ Kf6 33. Bd4+ Kg6 34.
Ne5+ Kh5 35. f3 f6 36. Nf7 Rc8 37. fxe4 Kg4 38. Kf2 e5 39. Nxe5+ fxe5 40. Rxg7+
Kh5 41. Bxe5 Rc2+ 42. Kf3 Kh6 43. Rg8 1-0

[Event "Astana WGP 2022"]
[Site "Astana KAZ"]
[Date "2022.09.25"]
[Round "7.5"]
[White "Zhu, Jiner"]
[Black "Vaishali, R"]
[Result "1/2-1/2"]
[WhiteTitle "WGM"]
[BlackTitle "IM"]
[WhiteElo "2464"]
[BlackElo "2449"]
[WhiteFideId "8608059"]
[BlackFideId "5091756"]
[EventDate "2022.09.18"]

1. e4 c5 2. Nf3 Nc6 3. d4 cxd4 4. Nxd4 Nf6 5. Nc3 e5 6. Ndb5 d6 7. Bg5 a6 8. Na3
b5 9. Nd5 Be7 10. Bxf6 Bxf6 11. c3 Rb8 12. Nc2 Bg5 13. g3 O-O 14. h4 Bh6 15. Bh3
Be6 16. Qd3 Qd7 17. Bxe6 fxe6 18. Nde3 Bxe3 19. Nxe3 Rbd8 20. Rd1 Qf7 21. O-O d5
22. exd5 exd5 23. Nxd5 Nd4 24. cxd4 Qxd5 25. Qb3 Qxb3 26. axb3 Rxd4 27. Rxd4
exd4 28. Kg2 Rc8 29. Rd1 Rc2 30. Rxd4 Rxb2 31. b4 h5 1/2-1/2

[Event "Astana WGP 2022"]
[Site "Astana KAZ"]
[Date "2022.09.25"]
[Round "7.6"]
[White "Abdumalik, Zhansaya"]
[Black "Kosteniuk, Alexandra"]
[Result "0-1"]
[WhiteTitle "GM"]
[BlackTitle "GM"]
[WhiteElo "2503"]
[BlackElo "2521"]
[WhiteFideId "13703544"]
[BlackFideId "4128125"]
[EventDate "2022.09.18"]

1. e4 e5 2. Nf3 Nc6 3. Bc4 Bc5 4. d3 Nf6 5. O-O O-O 6. Re1 Ng4 7. Re2 Kh8 8. h3
f5 9. Bg5 Nf6 10. Nc3 d6 11. exf5 Nd4 12. Nxd4 Bxd4 13. g4 c6 14. a4 d5 15. Bb3
Qd6 16. Kg2 g6 17. Qe1 gxf5 18. f3 fxg4 19. hxg4 Nxg4 20. Qh4 Qg6 21. fxg4 Bxg4
22. Rf1 Bxe2 23. Nxe2 Be3 24. Qg3 Qxg5 25. Qxg5 Bxg5 0-1

[Event "Astana WGP 2022"]
[Site "Astana KAZ"]
[Date "2022.09.26"]
[Round "8.1"]
[White "Shuvalova, Polina"]
[Black "Kosteniuk, Alexandra"]
[Result "1-0"]
[WhiteTitle "IM"]
[BlackTitle "GM"]
[WhiteElo "2510"]
[BlackElo "2521"]
[WhiteFideId "24171760"]
[BlackFideId "4128125"]
[EventDate "2022.09.18"]

1. d4 d5 2. Nf3 Nf6 3. Bf4 c5 4. e3 Nc6 5. Nbd2 Nh5 6. dxc5 Nxf4 7. exf4 e6 8.
Nb3 Qf6 9. Qc1 g6 10. Bb5 Bh6 11. g3 O-O 12. O-O Bd7 13. Re1 Rfc8 14. c3 Nb8 15.
a4 a6 16. Bf1 Be8 17. Ne5 Qd8 18. Qe3 Nd7 19. Nxd7 Bxd7 20. Nd4 a5 21. Bb5 Bg7
22. b4 Qe8 23. bxa5 Rxa5 24. Nb3 Raa8 25. Nd4 Bf8 26. f5 exf5 27. Qxe8 Bxe8 28.
Bxe8 Rxe8 29. Rxe8 Rxe8 30. c6 bxc6 31. a5 Bc5 32. Nxc6 Re6 33. Nb4 Rd6 34. a6
Ba7 35. Ra5 d4 36. cxd4 Rxd4 37. Nc6 Rd7 38. Nxa7 Rxa7 39. f4 Kf8 40. Kf2 Ke7
41. Ke3 Kd6 42. Kd4 f6 43. Ra1 Kc6 44. Kc4 Rc7 45. Kb4 Ra7 46. Ka5 Ra8 47. Rc1+
Kd6 48. Rb1 Kd5 49. Rb7 g5 50. a7 gxf4 51. gxf4 Ke4 52. Rxh7 Kxf4 53. Ka6 Kg4
54. Rf7 f4 55. Rxf6 Rh8 56. Kb7 Rh7+ 57. Kb6 Rh8 58. Rf7 f3 59. Kb7 1-0

[Event "Astana WGP 2022"]
[Site "Astana KAZ"]
[Date "2022.09.26"]
[Round "8.2"]
[White "Vaishali, R"]
[Black "Abdumalik, Zhansaya"]
[Result "1/2-1/2"]
[WhiteTitle "IM"]
[BlackTitle "GM"]
[WhiteElo "2449"]
[BlackElo "2503"]
[WhiteFideId "5091756"]
[BlackFideId "13703544"]
[EventDate "2022.09.18"]

1. e4 e5 2. Nf3 Nc6 3. Bb5 a6 4. Ba4 Nf6 5. O-O Be7 6. d3 b5 7. Bb3 d6 8. c3 O-O
9. Re1 Na5 10. Bc2 c5 11. Nbd2 Re8 12. Nf1 Bf8 13. Bg5 h6 14. Bh4 g6 15. Ne3 Bg7
16. a4 b4 17. cxb4 cxb4 18. Bxf6 Bxf6 19. Bb3 Nxb3 20. Qxb3 a5 21. Rac1 Bg5 22.
Nxg5 hxg5 23. Nd5 Be6 24. h3 Kg7 25. d4 exd4 26. Rcd1 Rc8 27. Rxd4 g4 28. hxg4
Qh4 29. Qh3 Qxh3 30. gxh3 Rc2 31. b3 Rec8 32. Re3 Rb2 33. Kg2 Rcc2 34. Rf3 Rb1
35. g5 Rcc1 36. Kg3 Rh1 37. Kh4 Rh2 38. Nf6 Rxb3 39. Rxb3 Bxb3 40. Kg3 Rh1 41.
Rxd6 Be6 42. Rd8 Rxh3+ 43. Kf4 Rh8 44. Ne8+ Kh7 45. Nf6+ 1/2-1/2

[Event "Astana WGP 2022"]
[Site "Astana KAZ"]
[Date "2022.09.26"]
[Round "8.3"]
[White "Goryachkina, Aleksandra"]
[Black "Zhu, Jiner"]
[Result "1-0"]
[WhiteTitle "GM"]
[BlackTitle "WGM"]
[WhiteElo "2579"]
[BlackElo "2464"]
[WhiteFideId "4147103"]
[BlackFideId "8608059"]
[EventDate "2022.09.18"]

1. c4 e5 2. Nc3 Nf6 3. Nf3 Nc6 4. e4 Bc5 5. Nxe5 Nxe5 6. d4 Bb4 7. dxe5 Nxe4 8.
Qf3 Nxc3 9. bxc3 Ba5 10. Bf4 O-O 11. Be2 d6 12. Rd1 Re8 13. c5 Qh4 14. Bg3 Qg5
15. cxd6 cxd6 16. h4 Qf5 17. exd6 Qxf3 18. gxf3 Bxc3+ 19. Kf1 Bd7 20. Bc4 h5 21.
Rc1 Be5 22. Kg2 Bxg3 23. Kxg3 Rad8 24. Rhd1 Be6 25. Bb5 Bd7 26. Bxd7 Rxd7 27.
Rc7 Red8 28. Rxd7 Rxd7 29. Kf4 Kf8 30. Ke5 Rd8 31. Kd5 g6 32. Rc1 Ke8 33. Re1+
Kf8 34. Re7 Rb8 35. Rc7 Ke8 36. Ke5 a5 37. Re7+ Kf8 38. Kf6 b5 39. Rxf7+ Kg8 40.
Rg7+ Kf8 41. Rh7 Kg8 42. Ra7 Rf8+ 43. Kxg6 1-0

[Event "Astana WGP 2022"]
[Site "Astana KAZ"]
[Date "2022.09.26"]
[Round "8.4"]
[White "Lagno, Kateryna"]
[Black "Paehtz, Elisabeth"]
[Result "1-0"]
[WhiteTitle "GM"]
[BlackTitle "IM"]
[WhiteElo "2547"]
[BlackElo "2477"]
[WhiteFideId "14109336"]
[BlackFideId "4641833"]
[EventDate "2022.09.18"]

1. e4 c5 2. Nf3 Nc6 3. Bb5 e6 4. O-O Nge7 5. Re1 Nd4 6. Nxd4 cxd4 7. c3 Qb6 8.
Qb3 g6 9. Na3 Bg7 10. Nc2 e5 11. cxd4 exd4 12. a4 O-O 13. a5 Qc7 14. d3 a6 15.
Bc4 Nc6 16. Bd2 d6 17. Bd5 Qe7 18. f4 Nd8 19. e5 Nc6 20. Qc4 Bd7 21. Nxd4 Nxd4
22. Qxd4 dxe5 23. fxe5 Be6 24. Bxe6 Qxe6 25. Qe4 Rfd8 26. Bc3 Rd5 27. Re3 Rad8
28. Rf1 R8d7 29. h3 Re7 30. d4 Re8 31. Ref3 Re7 32. Qc2 Red7 33. Qf2 Qe8 34. Rf4
Qe6 35. Qf3 Qe8 36. h4 Qe6 37. h5 Rb5 38. Qe4 Rbd5 39. Rh4 Qe8 40. Rf3 Qe6 41.
h6 Bf8 42. Rf6 Qe8 43. Rhf4 Bxh6 44. e6 Bxf4 45. exf7+ Qxf7 46. Rxf7 Kxf7 47.
Qxf4+ Rf5 48. Qb8 Rfd5 49. Qh8 Ke6 50. Qe8+ Kf6 51. Bb4 h5 52. Qe4 Kf7 53. Bc5
Rf5 54. Qe3 Kg7 55. Qe8 Rfd5 56. Qf8+ Kh7 57. Be7 Rf5 58. Bf6 g5 59. Qe8 1-0